[Event "Ubeda op 4th"]
[Site "Ubeda"]
[Date "1999.01.23"]
[Round "4"]
[White "Watson, John L"]
[Black "Aronian, Levon"]
[Result "0-1"]
[WhiteElo "2365"]
[BlackElo "2485"]
[PlyCount "110"]
[EventDate "1999.01.??"]
[EventType "swiss"]
[EventRounds "10"]
[EventCountry "ESP"]
[SourceTitle "CBM 068 Extra"]
[Source "ChessBase"]
[SourceDate "1999.03.01"]
[SourceVersion "1"]
[SourceVersionDate "1999.03.01"]
[SourceQuality "1"]

1. d4 Nf6 2. c4 d6 3. Nc3 Nbd7 4. e4 e5 5. Nf3 c6 6. Be2 Be7 7. O-O O-O 8. Rb1
Re8 9. d5 a6 10. Nd2 Qc7 11. b4 cxd5 12. Nxd5 Nxd5 13. cxd5 a5 14. b5 b6 15.
Ba3 Bg5 16. Rc1 Nc5 17. Bxc5 dxc5 18. Rc3 Bxd2 19. Qxd2 Qd6 20. a4 f5 21. exf5
Bxf5 22. f3 Rad8 23. Bc4 Bg6 24. Re3 Rf8 25. g3 Bf7 26. Qc3 Rfe8 27. Rfe1 Qg6
28. Rxe5 Rxe5 29. Rxe5 Qb1+ 30. Re1 Qb4 31. Qxb4 cxb4 32. Kf2 Kf8 33. Rd1 Rc8
34. Bb3 Ke8 35. Ke3 Rc3+ 36. Rd3 Bg6 37. Rxc3 bxc3 38. g4 Kd7 39. f4 Bb1 40. f5
Kd6 41. Ke2 Ke5 42. Ke3 h5 43. h3 h4 44. Ke2 Be4 45. Ke3 Bg2 46. g5 Bxh3 47. f6
gxf6 48. g6 Bf5 49. g7 Bh7 50. Kf2 f5 51. Kf3 f4 52. Kg4 h3 53. Kxh3 Kf6 54. d6
Kxg7 55. Kg4 Kf6 0-1

[Event "Ubeda op 4th"]
[Site "Ubeda"]
[Date "1999.01.25"]
[Round "6"]
[White "Hamdouchi, Hicham"]
[Black "Aronian, Levon"]
[Result "1-0"]
[WhiteElo "2555"]
[BlackElo "2485"]
[PlyCount "75"]
[EventDate "1999.01.??"]
[EventType "swiss"]
[EventRounds "10"]
[EventCountry "ESP"]
[SourceTitle "CBM 068 Extra"]
[Source "ChessBase"]
[SourceDate "1999.03.01"]
[SourceVersion "1"]
[SourceVersionDate "1999.03.01"]
[SourceQuality "1"]

1. e4 c5 2. Nf3 d6 3. c3 Nf6 4. Be2 Nbd7 5. d3 c4 6. d4 Nxe4 7. Bxc4 e6 8. O-O
Be7 9. Bd3 Nef6 10. c4 O-O 11. Nc3 b6 12. Re1 Bb7 13. Bf4 a6 14. h3 d5 15. b3
Bb4 16. Bd2 dxc4 17. bxc4 Nc5 18. dxc5 Qxd3 19. Ne5 Qd4 20. c6 Bc8 21. Re3 Bd6
22. Ne2 Qc5 23. Bc3 Bxe5 24. Bxe5 Ne8 25. Qa4 Nd6 26. Bxd6 Qxd6 27. Rd1 Qc7 28.
Nc3 Rb8 29. Red3 b5 30. cxb5 axb5 31. Qb4 h6 32. Rd6 Ba6 33. Ne4 Rb6 34. R1d3
Rbb8 35. Qd4 Qe7 36. Rd7 Qh4 37. Rg3 g5 38. Rg4 1-0

[Event "Ubeda op 4th"]
[Site "Ubeda"]
[Date "1999.01.26"]
[Round "7"]
[White "Aronian, Levon"]
[Black "Asrian, Karen"]
[Result "1/2-1/2"]
[WhiteElo "2485"]
[BlackElo "2600"]
[PlyCount "121"]
[EventDate "1999.01.??"]
[EventType "swiss"]
[EventRounds "10"]
[EventCountry "ESP"]
[SourceTitle "CBM 068 Extra"]
[Source "ChessBase"]
[SourceDate "1999.03.01"]
[SourceVersion "1"]
[SourceVersionDate "1999.03.01"]
[SourceQuality "1"]

1. Nf3 Nf6 2. g3 d5 3. Bg2 c6 4. O-O Bg4 5. d3 Nbd7 6. Qe1 e5 7. e4 dxe4 8.
dxe4 Be7 9. Nbd2 Qc7 10. h3 Bxf3 11. Bxf3 O-O 12. a4 Nc5 13. Nc4 Rfd8 14. Qa5
Qb8 15. Qc3 Ncxe4 16. Qe1 Rd4 17. Qe2 Nc5 18. Nxe5 Qc7 19. Re1 Re8 20. Be3 Rdd8
21. Ng4 Ne6 22. Nxf6+ Bxf6 23. c3 Nc5 24. Qc2 Nd3 25. Re2 c5 26. a5 g6 27. Qb3
Re7 28. Qb5 a6 29. Qb3 Rde8 30. Kg2 c4 31. Qb6 Qxb6 32. axb6 Bg5 33. Bd5 Nxf2
34. Rxf2 Bxe3 35. Rf6 Bg5 36. Rf2 Kg7 37. Bxc4 Be3 38. Re2 Bxb6 39. Rae1 Rxe2+
40. Rxe2 Rc8 41. Bd5 Rc7 42. Re8 Rd7 43. c4 Ba7 44. Re2 Bc5 45. b3 Rd6 46. Rd2
b5 47. cxb5 axb5 48. g4 f5 49. Rd1 Ra6 50. Rd2 Kf6 51. gxf5 gxf5 52. Rc2 Bd6
53. Bc6 b4 54. Kf3 Ra1 55. Kf2 Ke5 56. Bb5 Rb1 57. Bc4 Ke4 58. Re2+ Kf4 59. Re1
Rb2+ 60. Re2 Bc5+ 61. Kf1 1/2-1/2

[Event "Ubeda op 4th"]
[Site "Ubeda"]
[Date "1999.01.27"]
[Round "8"]
[White "Maharramzade, Javad"]
[Black "Aronian, Levon"]
[Result "1/2-1/2"]
[WhiteElo "2440"]
[BlackElo "2485"]
[PlyCount "21"]
[EventDate "1999.01.??"]
[EventType "swiss"]
[EventRounds "10"]
[EventCountry "ESP"]
[SourceTitle "CBM 068 Extra"]
[Source "ChessBase"]
[SourceDate "1999.03.01"]
[SourceVersion "1"]
[SourceVersionDate "1999.03.01"]
[SourceQuality "1"]

1. d4 Nf6 2. Nf3 g6 3. c4 Bg7 4. g3 O-O 5. Bg2 d5 6. cxd5 Nxd5 7. O-O Nb6 8.
Nc3 Nc6 9. e3 Re8 10. Re1 h6 11. b3 1/2-1/2

[Event "Ubeda op 4th"]
[Site "Ubeda"]
[Date "1999.01.28"]
[Round "9"]
[White "Aronian, Levon"]
[Black "Herrera, Irisberto"]
[Result "1-0"]
[WhiteElo "2485"]
[BlackElo "2425"]
[PlyCount "71"]
[EventDate "1999.01.??"]
[EventType "swiss"]
[EventRounds "10"]
[EventCountry "ESP"]
[SourceTitle "CBM 068 Extra"]
[Source "ChessBase"]
[SourceDate "1999.03.01"]
[SourceVersion "1"]
[SourceVersionDate "1999.03.01"]
[SourceQuality "1"]

1. Nf3 Nf6 2. g3 g6 3. Bg2 Bg7 4. O-O O-O 5. c4 d5 6. cxd5 Nxd5 7. Nc3 Nb6 8.
d3 Nc6 9. Be3 Nb4 10. Qc1 Re8 11. Bh6 Bh8 12. d4 N4d5 13. Ne4 Nf6 14. Nc5 Nbd7
15. Nd3 c6 16. Qf4 Nh5 17. Qh4 Bf6 18. Qe4 Bg7 19. Bxg7 Nxg7 20. Qf4 Ne6 21.
Qc1 Nf6 22. e3 a5 23. Rd1 Qb6 24. Nfe5 Rd8 25. Qc3 Ng7 26. Qb3 Qxb3 27. axb3
Nf5 28. Nc4 Nd6 29. Nxa5 Bf5 30. Nc5 b6 31. Nxc6 Rxa1 32. Rxa1 Re8 33. Na4 b5
34. Nc5 Nfe4 35. g4 Nxc5 36. dxc5 1-0

[Event "Ciocaltea Memorial"]
[Site "Bucharest"]
[Date "1999.03.05"]
[Round "2"]
[White "Florean, Andrei"]
[Black "Aronian, Levon"]
[Result "1/2-1/2"]
[WhiteElo "2459"]
[BlackElo "2502"]
[Annotator "Marin,M"]
[PlyCount "101"]
[EventDate "1999.03.04"]
[EventType "tourn"]
[EventRounds "13"]
[EventCountry "ROU"]
[EventCategory "10"]
[SourceTitle "CBM 070"]
[Source "ChessBase"]
[SourceDate "1999.06.08"]
[SourceVersion "1"]
[SourceVersionDate "1999.06.08"]
[SourceQuality "1"]

1. d4 Nf6 2. c4 c6 3. Nc3 d6 4. Nf3 Nbd7 5. e4 e5 6. d5 Be7 7. Be2 a6 8. O-O
cxd5 9. exd5 O-O 10. b4 a5 11. Ba3 axb4 12. Bxb4 Ne8 13. Nb5 f5 14. Ne1 Nc5 15.
a4 e4 16. f4 Bd7 17. a5 Bf6 18. Ra3 b6 19. Qd2 Na6 20. Bc3 Bxc3 21. Qxc3 bxa5
22. Rxa5 Qb6+ 23. Nd4 Nf6 24. Nec2 Nc5 25. Rxa8 Rxa8 26. Ra1 Rxa1+ 27. Qxa1 Ba4
28. Kf1 Bxc2 29. Nxc2 Nd3 (29... Ng4 30. Bxg4 Nd3 31. Nd4 fxg4 32. g3) (29...
Qb3 30. Nd4 Qe3 31. g3) 30. Nd4 Nxf4 31. Nxf5 Kf7 32. g3 Nxe2 33. Kxe2 Qb3 $4 (
33... Qb4 $15) 34. Nxd6+ Kg6 35. Qd4 Qa2+ 36. Kd1 Qxh2 37. Qe3 Qb2 38. Nb5 Qb1+
39. Kd2 Ng4 40. Qb6+ Kh5 41. Kc3 e3 (41... Qe1+ 42. Kb3 (42. Kb2 Qb4+) (42. Kd4
Qg1+) 42... Qxg3+) 42. Qe6 Qe1+ 43. Kb3 Qd1+ 44. Kb4 e2 45. Qf5+ Kh6 46. Qf4+
Kh5 47. Qf5+ g5 48. Qf7+ Kh6 49. Qf8+ Kg6 50. Qg8+ Kh5 (50... Kf6 51. Qe6+) 51.
Qf7+ 1/2-1/2

[Event "Ciocaltea Memorial"]
[Site "Bucharest"]
[Date "1999.03.06"]
[Round "3"]
[White "Aronian, Levon"]
[Black "Vajda, Levente"]
[Result "1/2-1/2"]
[WhiteElo "2502"]
[BlackElo "2484"]
[Annotator "Stohl,I"]
[PlyCount "144"]
[EventDate "1999.03.04"]
[EventType "tourn"]
[EventRounds "13"]
[EventCountry "ROU"]
[EventCategory "10"]
[SourceTitle "CBM 070"]
[Source "ChessBase"]
[SourceDate "1999.06.08"]
[SourceVersion "1"]
[SourceVersionDate "1999.06.08"]
[SourceQuality "1"]

1. Nf3 Nf6 2. g3 g6 3. Bg2 Bg7 4. O-O O-O 5. c4 d6 6. d4 Nbd7 7. Nc3 e5 8. h3
Re8 9. e4 exd4 10. Nxd4 a6 11. Be3 (11. Re1 Rb8 12. Rb1 Ne5 13. b3 c5 14. Nc2
b5 15. f4 Ned7 16. Qxd6 Nh5 (16... b4 $2 17. Na4 Nh5 18. g4 Bf8 19. Qd3 Ng7 20.
Be3 Qc7 21. Rbd1 Ne6 22. Qd2 h6 23. f5 Ng5 24. h4 Rxe4 25. hxg5 Rxg4 26. fxg6
Bb7 27. Qxd7 Rxg2+ 28. Kf1 Rc8 29. Qxc7 Rxc7 30. Bf4 Rc8 31. gxf7+ Kh7 32. Ne3
{Hjartarson,J-Hillarp Persson,T/Reykjavik/1997/}) 17. Re3 bxc4 18. e5 $5 $14)
11... Rb8 12. Re1 {One of White's main tries against the Gallagher line.} Ne5 (
{The other main move is also quite playable and often transposes into our game,
if Black plays Ne5 on his next move.} 12... c5 13. Nc2 (13. Nb3 $6 Ne5 14. Bf1
Be6 15. Nd2 Nc6 16. Kh2 Nd4 17. Nb3 b5 18. Bxd4 bxc4 19. Bxc5 dxc5 20. Nxc5
Rxb2 21. Nxe6 fxe6 22. Qxd8 Rxd8 23. Bxc4 Rxf2+ 24. Kg1 Rf3 25. Bxe6+ Kh8 26.
Rad1 Re8 27. e5 Nh5 28. Bd7 Rxg3+ 29. Kh2 Rxe5 $15 {Ippolito,D-Manion,J/USA/
1994/}) (13. Nde2 Ne5 (13... b5 14. Qxd6 b4 15. Na4 Nxe4 16. Bxe4 Rxe4 17. Nxc5
Bf8 18. Qxb8 Nxb8 19. Nxe4 Qe7 20. Nd2 Bxh3 21. Nf4 Be6 22. Nxe6 Qxe6 23. Bf4
Qc8 24. Ne4 Nc6 25. Rad1 $16 {Vadasz,L-Anka,E/Bucharest/1993/}) 14. b3 b5 15.
f4 Ned7 16. Qxd6 b4 17. e5 bxc3 18. Nxc3 (18. exf6 Rxe3 19. fxg7 Rb6 {/\Rbe6|^}
) 18... Nh5 19. Kh2 g5 20. Qd2 gxf4 21. gxf4 Nxe5 22. fxe5 Bxe5+ 23. Kg1 Bf5
24. Qxd8 Rbxd8 25. Rac1 Nf4 26. Bxf4 Bxf4 27. Rxe8+ Rxe8 28. Rf1 Bd2 29. Nd5
Bd3 $11 {Timar,Z-Jansson,A/Szeged/1993/}) 13... Ne5 (13... b5 14. Qxd6 (14.
cxb5 axb5 15. Qxd6 (15. b4 Bb7 16. Rb1 Nxe4 17. Nxe4 Bxe4 18. Bxe4 Rxe4 19.
Qxd6 Re6 20. Qd5 Re5 21. Qd2 Qc8 22. Red1 Nf6 23. Bf4 {1/2,Sherwin,J-Luboshitz,
A/WchS/1996/} Rd5 $15) 15... b4 16. Na4 Bf8 17. Qd2 Bb7 18. Bg5 Qa5 19. b3 Bxe4
20. Rxe4 Rxe4 21. Bxf6 Nxf6 22. Bxe4 Nxe4 23. Qf4 Qa8 $36 {Shirazi,K-Benjamin,
J/USA-ch/1985/}) 14... bxc4 (14... b4 15. Na4 Bf8 16. Qd3 Qa5 17. b3 Bb7 18.
Bg5 Bg7 19. Rad1 Rbd8 20. Qf1 Qc7 21. Ne3 $16 {Schulze,U-Ilic,Z/Bern op/1989/})
15. Na3 Rxb2 16. Nxc4 Rc2 $1 17. Qd3 $8 Rxc3 $1 18. Qxc3 Nd5 (18... Nxe4 19.
Qc2 Bxa1 20. Rxa1 Ndf6 21. Rd1 $44) 19. Qd2 Nxe3 20. Qxe3 Bd4 21. Qf4 (21. Qd2
$5) 21... Ne5 $1 22. Nxe5 Bxe5 23. Qc1 Bxa1 24. Qxa1 Be6 25. Rc1 {1/2,Ippolito,
D-Bates,R/London/1998/}) 14. b3 (14. Bf1 Be6 15. b3 Qd7 (15... b5 16. cxb5 axb5
17. Bxb5 Bxh3 18. f4 Bg4 19. Be2 Bxe2 20. Qxe2 Neg4 21. Rad1 Qe7 22. Bf2 h5 $36
{Minnebo,A-Barbier,W/BEL-chT/1997/}) 16. f4 Nc6 17. Kh2 b5 18. cxb5 axb5 19.
Bc1 Na5 20. e5 dxe5 21. fxe5 Nd5 22. Bb2 Nxc3 23. Bxc3 Qc7 24. Qf3 Nc6 $17 {
Vegh,J-Gallagher,J/Geneva/1996/}) (14. Qe2 Be6 (14... b5 15. cxb5 axb5 16. Nxb5
Ba6 17. a4 Qd7 18. Nca3 Qe6 19. Qd1 Bxb5 20. Nxb5 Red8 21. b3 Nc6 22. Rb1 Nb4
23. Re2 Rd7 24. Bd2 Nc6 25. Bc3 $16 {Uribe,M-Bekker Jensen,S/Menorca WchJ/1996/
}) 15. b3 (15. Na3 Qa5 16. f4 Nc6 17. Qf2 Nd7 18. Rac1 Nd4 19. Ne2 Nxe2+ 20.
Qxe2 b5 21. cxb5 axb5 22. e5 dxe5 23. Bxc5 Nxc5 24. Rxc5 exf4 25. Rxb5 Rxb5 26.
Nxb5 fxg3 $19 {Markos,J-Borge,N/Copenhagen/1997/}) 15... b5 16. cxb5 Qa5 17.
Bd2 axb5 18. f4 $13 {1/2,Cosma,I-Dumitrache,D/Odorheiu Secuiesc/1993/}) 14...
b5 15. f4 (15. cxb5 axb5 16. f4 Ned7 17. Qxd6 b4 18. e5 Rb6 19. Qd1 bxc3 20.
exf6 Bxf6 21. Qd5 Bb7 22. Qc4 Bxg2 23. Kxg2 Rd6 24. Re2 Qc8 25. Qb5 Bd4 $17 {
Miralles,G-Gallagher,J/Bern/1991/}) 15... Ned7 16. Bf2 $5 (16. Qd3 b4 17. Na4
Bb7 (17... Qe7 18. Rad1 Bf8 19. Qf1 Nxe4 20. Bxe4 Qxe4 21. Bf2 Qxc2 22. Rxe8
Qxa2 23. Rxd6 Qxb3 24. Rxd7 Bxd7 25. Rxb8 Qxa4 26. Bxc5 $18 {Moskalenko,
V-Bakhmatov,E/Yalta/1995/}) 18. e5 (18. Bf2 Qe7 $36) 18... Bxg2 19. Kxg2 dxe5
20. fxe5 Rxe5 21. Bf4 Rxe1 22. Nxe1 {Rapoport,I-Karner,C/Ceske Budejovice/1996/
} Rc8 $15) 16... b4 (16... Nh5 $5) 17. Na4 Bb7 18. e5 dxe5 19. Bxb7 Rxb7 20.
fxe5 Nxe5 21. Nxc5 Rbe7 22. Qxd8 Rxd8 23. Red1 Nf3+ 24. Kg2 Nd2 25. Nxb4 Nfe4
26. Nc6 Bxa1 27. Nxe7+ {1-0,Krogius,N-Thiede,L/Berlin/1997/}) 13. Bf1 c5 (13...
Bd7 $143 14. f4 Nc6 15. Bg2 Qc8 16. Kh2 h5 17. Bg1 Bh6 18. Nf3 Bg7 19. c5 dxc5
20. Bxc5 Be6 21. Qe2 Nd7 22. Bf2 Nb6 23. Bxb6 cxb6 24. e5 $14 {1/2,Vitaljic,
N-Istvandi,L/Budapest/1996/}) 14. Nf3 b5 (14... Nfd7 $142 $5 15. Nd2 Nc6 16. f4
Nf8 17. Bf2 Ne6 18. Nf3 Ned4 19. Nxd4 Nxd4 20. Bg2 b5 21. cxb5 axb5 22. Ne2 Ne6
23. Qd2 b4 24. Rad1 Qa5 25. f5 Nf8 26. Qxd6 Nd7 $44 {|^,Ilic,O-Jusic,Z/Zagreb/
1998/}) 15. Nxe5 (15. cxb5 axb5 16. Bxb5 (16. Nxb5 Nxf3+ 17. Qxf3 Nxe4 18. Bf4
Bb7 $36) 16... Bxh3 $5 (16... Rxb5 17. Nxb5 Nxf3+ 18. Qxf3 Nxe4 $14 {<=>}) 17.
Bxe8 Bg4 18. Nxe5 Bxd1 19. Bxf7+ Kh8 20. Nc6 Qc8 21. Raxd1 (21. Nxb8 $2 Bf3 $40
) 21... Qxc6 $13) 15... Rxe5 16. Bf4 Re6 17. cxb5 axb5 18. Nxb5 (18. Bxb5 Nh5 (
18... Nxe4 19. Rxe4 Rxe4 20. Nxe4 Rxb5 21. Qxd6 $16) 19. Bc4 Nxf4 20. gxf4 Rxb2
21. Bxe6 Bxe6 $44) 18... Nxe4 (18... Rxe4 19. Qxd6 Qxd6 20. Nxd6 $16) 19. Bc4
Rxb5 $5 {A practical decision.} (19... Re8 $143 20. Bxd6 $16 (20. Nxd6 Nxd6 21.
Qxd6 Rxb2 $132) (20. Qd5 $5 Re6 21. Rxe4 Bb7 22. Qxe6 $5 fxe6 23. Bxe6+ Kh8 24.
Nxd6 $40)) 20. Bxe6 Bxe6 21. Rxe4 c4 (21... d5 $142 $5 22. Be5 (22. Re2 Bxh3
$132 (22... Rxb2 23. Rxb2 Bxb2 24. Rb1 $36)) 22... Bxe5 (22... Qg5 23. Bxg7
dxe4 24. h4 Qe7 25. Bc3 $14) 23. Rxe5 Rxb2 $14 {<=>}) 22. Qe1 $1 {/\Re6} Qc8 (
22... Bxb2 23. Rd1 (23. Rxe6 $5 fxe6 24. Qxe6+ Kg7 25. Rd1 $40 (25. Qxc4 $2 Rc5
26. Qf1 Bxa1 27. Qxa1+ Qf6 $11)) 23... d5 24. Rxe6 (24. Rxc4 $16) 24... fxe6
25. Qxe6+ Kg7 26. Qc6 Rb6 27. Qc5 $1 $40) 23. a4 Rxb2 24. Bxd6 c3 (24... Rb6
25. Be5 Bf5 26. Re3 $18) 25. Rc1 c2 26. Kh2 Ra2 (26... Bh6 27. Bf4 Bxf4 28.
Rxf4 Bxh3 29. Qe7 $36) 27. Qe3 h5 (27... Bb2 $2 28. Rxe6 $1 fxe6 (28... Qxe6
29. Qxe6 fxe6 30. Rxc2 $18) (28... Bxc1 29. Re8+ Kg7 30. Bf8+ $18) 29. Rxc2 $1
$18 {/\} Qxc2 30. Qxe6+ Kg7 31. Qe7+ Kh6 (31... Kg8 32. Qf8#) 32. Bf4+ Kh5 33.
Qh4#) 28. Be5 Bxe5 (28... Bf8 29. Qg5 $40) 29. Rxe5 Rxa4 30. Rc5 Qd8 31. R5xc2
$16 Qf6 32. Qh6 $6 (32. Qc3 $16 {/+- White's position is very close to winning.
After safeguarding his K he will gradually improve the position of his pieces
and force advantageous exchanges.Instead, White gets tangled up.}) 32... Rc4 $1
33. Qe3 $2 {[%mdl 8192] Overlooks the saving tactic.} (33. Rxc4 $4 Qxf2+ 34.
Kh1 Bd5+ $19) (33. Qd2 $142 Rxc2 34. Rxc2 $1 (34. Qxc2 Qf3 $14 (34... h4 $5 $14
)) 34... Qf5 (34... h4 35. g4 $16) 35. h4 $16) 33... Rxc2 34. Rxc2 Bxh3 $1 $11
{This trick saves the day for Black, with one pawn for the exchange and pawns
only on one flank he only has to pay elementary attention not to lose.} 35. Rd2
(35. Kxh3 $2 Qf5+ $15) 35... Be6 36. Qh6 Bd5 $5 {/\Qf3} 37. Re2 (37. Rxd5 Qxf2+
38. Kh3 Qf1+ 39. Kh2 (39. Kh4 Qh1+ 40. Kg5 Qc1+ $19) 39... Qe2+ 40. Kg1 $8 $11
(40. Kh3 $2 Qe6+) (40. Kh1 $2 Qe4+)) 37... Bc6 38. Rd2 Bd5 39. Rc2 Bb7 40. Re2
Bc6 (40... Qc6 41. f3 Qd7 $11) 41. Rd2 Bd5 {Perhaps due to (+) Black didn't
claim a draw immediately.} 42. Rc2 Bb7 43. Re2 Bc6 44. Qe3 Qf3 45. Qxf3 Bxf3 {
The _|_ is an easy draw, as White has no way to force Black's K from g7 and
the B from the a2-f7/^.} 46. Re7 Kg7 47. Kg1 Kf6 48. Rd7 Bg4 49. Ra7 Bf3 50.
Kf1 Kg7 51. Ke1 Bg4 52. Kd2 Be6 53. Ke3 Bd5 54. Kd4 Be6 55. Ke5 Bf5 (55... Bb3
56. f4 Bc2 $11) 56. Kd6 Be6 57. Re7 Bf5 (57... g5 $5 58. Ke5 h4 $11) 58. Re5
Bg4 59. Ke7 Bh3 60. Re4 Bf5 61. Re3 Bg4 62. Kd6 Bf5 63. Ra3 Be6 64. Ke5 Bg4 65.
Ra6 Bf5 66. Rf6 Bh3 (66... Be6 67. Rxe6 fxe6 68. Kxe6 g5 $11) 67. Rf4 Be6 68.
Rd4 Bf5 69. Kf4 Be6 70. Kg5 Bf5 71. Kf4 Be6 72. Rd6 Bf5 1/2-1/2

[Event "Ciocaltea Memorial"]
[Site "Bucharest"]
[Date "1999.03.07"]
[Round "4"]
[White "Conquest, Stuart"]
[Black "Aronian, Levon"]
[Result "1/2-1/2"]
[WhiteElo "2488"]
[BlackElo "2502"]
[PlyCount "80"]
[EventDate "1999.03.04"]
[EventType "tourn"]
[EventRounds "13"]
[EventCountry "ROU"]
[EventCategory "10"]
[SourceTitle "CBM 070"]
[Source "ChessBase"]
[SourceDate "1999.06.08"]
[SourceVersion "1"]
[SourceVersionDate "1999.06.08"]
[SourceQuality "1"]

1. c4 e5 2. Nc3 Nf6 3. Nf3 Nc6 4. e3 Be7 5. a3 O-O 6. Qc2 Re8 7. Bd3 Bf8 8. Ng5
g6 9. h4 Bg7 10. Kf1 d6 11. b3 Ne7 12. Bb2 c6 13. Ne2 Nd7 14. Ng3 h6 15. N5e4
Qc7 16. h5 g5 17. Nc3 Nf6 18. Nce2 a5 19. Rb1 Qd7 20. Kg1 a4 21. b4 b5 22. cxb5
cxb5 23. Rc1 Ba6 24. Nf5 Rac8 25. Nc3 Bf8 26. Nxe7+ Qxe7 27. Qd1 Qe6 28. Nxa4
Qd5 29. Bf1 Qa2 30. Ra1 Qe6 31. Nc3 d5 32. Nxb5 Qd7 33. Nc3 Bxf1 34. Qxf1 d4
35. exd4 exd4 36. Nb5 Re4 37. Rh3 Rc2 38. Rb1 Rxd2 39. Bc1 Rde2 40. Kh2 Qxb5
1/2-1/2

[Event "Ciocaltea Memorial"]
[Site "Bucharest"]
[Date "1999.03.11"]
[Round "8"]
[White "Itkis, Boris"]
[Black "Aronian, Levon"]
[Result "0-1"]
[WhiteElo "2462"]
[BlackElo "2502"]
[PlyCount "92"]
[EventDate "1999.03.04"]
[EventType "tourn"]
[EventRounds "13"]
[EventCountry "ROU"]
[EventCategory "10"]
[SourceTitle "CBM 070"]
[Source "ChessBase"]
[SourceDate "1999.06.08"]
[SourceVersion "1"]
[SourceVersionDate "1999.06.08"]
[SourceQuality "1"]

1. d4 Nf6 2. Nf3 g6 3. Bg5 Bg7 4. Nbd2 O-O 5. c3 d6 6. e4 c5 7. dxc5 dxc5 8.
Bc4 Nc6 9. O-O Qc7 10. Re1 h6 11. Bh4 Nh5 12. Nb3 Bg4 13. Bg3 Qb6 (13... Nxg3
$142 14. hxg3 Ne5 $15) 14. Qd3 Nxg3 15. hxg3 Bxf3 16. gxf3 Ne5 17. Qe2 g5 $1
18. Kg2 Rad8 19. Rad1 a6 20. a4 Qc7 21. Na1 e6 22. Nc2 Qc6 23. Rxd8 Rxd8 24.
Ra1 Nxc4 25. Qxc4 Rd2 26. Rc1 Qb6 27. b3 Qd6 28. Ne3 $2 Rxf2+ 29. Kxf2 Qd2+ 30.
Qe2 Qxc1 31. Qc2 Qxc2+ 32. Nxc2 Bxc3 $19 33. Na3 Be5 34. Nc4 Bc7 35. g4 Kf8 (
35... Kg7 {/\Kg6,h5}) 36. Ke2 Ke7 37. Kd3 Kf6 38. Ke3 Kg6 39. Kd3 h5 40. gxh5+
Kxh5 41. e5 b5 42. axb5 axb5 43. Nd6 f5 44. Ke3 Kg6 45. Nb7 Bb6 46. Kd3 c4+ $1
0-1

[Event "Ciocaltea Memorial"]
[Site "Bucharest"]
[Date "1999.03.13"]
[Round "10"]
[White "Ionescu, Constantin"]
[Black "Aronian, Levon"]
[Result "0-1"]
[WhiteElo "2482"]
[BlackElo "2502"]
[Annotator "Marin,M"]
[PlyCount "84"]
[EventDate "1999.03.04"]
[EventType "tourn"]
[EventRounds "13"]
[EventCountry "ROU"]
[EventCategory "10"]
[SourceTitle "CBM 070"]
[Source "ChessBase"]
[SourceDate "1999.06.08"]
[SourceVersion "1"]
[SourceVersionDate "1999.06.08"]
[SourceQuality "1"]

1. d4 Nf6 2. c4 d6 3. Nc3 Nbd7 4. e4 e5 5. Nf3 Be7 6. Be2 O-O 7. O-O c6 8. Re1
Qc7 9. Rb1 Re8 10. b4 exd4 11. Nxd4 Bf8 12. Bf1 a5 13. a3 axb4 14. axb4 Ne5 15.
f3 h6 16. Be3 Bd7 17. Qc2 Ra3 18. Qb2 Raa8 19. Kh1 Ng6 20. Qf2 Ra3 21. Rbc1 Qb8
22. Qb2 Ra8 23. Qb3 Qd8 24. Qc2 $6 (24. c5 $5) 24... d5 $1 $132 25. exd5 Bxb4
26. dxc6 bxc6 27. Nb3 Bd6 28. Bc5 Bxc5 29. Nxc5 Qa5 30. Nxd7 Nxd7 31. Rxe8+
Rxe8 32. Ne4 Nc5 33. Qc3 Qxc3 34. Nxc3 Nf4 $15 35. Kg1 g6 36. Rd1 Re3 37. Rd8+
Kg7 38. Nd1 Re1 39. Nb2 Rb1 40. Rd2 Nb3 41. Rc2 Nd4 42. Rd2 Nh3+ $1 0-1

[Event "Ciocaltea Memorial"]
[Site "Bucharest"]
[Date "1999.03.14"]
[Round "11"]
[White "Aronian, Levon"]
[Black "Vasilescu, Lucian Mihail"]
[Result "1-0"]
[WhiteElo "2502"]
[BlackElo "2381"]
[PlyCount "81"]
[EventDate "1999.03.04"]
[EventType "tourn"]
[EventRounds "13"]
[EventCountry "ROU"]
[EventCategory "10"]
[SourceTitle "CBM 070"]
[Source "ChessBase"]
[SourceDate "1999.06.08"]
[SourceVersion "1"]
[SourceVersionDate "1999.06.08"]
[SourceQuality "1"]

1. Nf3 c5 2. c4 g6 3. d4 Bg7 4. e3 Nf6 5. Nc3 O-O 6. Be2 cxd4 7. exd4 d5 8. O-O
Nc6 9. h3 Bf5 10. Re1 Rc8 11. Nh4 dxc4 12. Nxf5 gxf5 13. Bxc4 Nxd4 14. Bd3 e6
15. Re3 Kh8 16. Rg3 Qd6 17. Bf1 Rfd8 18. Rd3 Ne4 19. Be3 e5 20. Nb5 Qb6 21. Rc1
Rxc1 22. Qxc1 a6 23. Nxd4 exd4 24. Bf4 Nc5 25. Rd1 Ne6 26. Bd3 Qa5 27. a3 Re8
28. Re1 Qa4 29. Be5 f4 30. Bxg7+ Kxg7 31. Re5 Qb3 32. Qd2 Qb6 33. Qe2 Rc8 34.
Qe4 Rc1+ 35. Kh2 f3 36. Qxh7+ Kf8 37. Qh6+ Ke7 38. Qxc1 Qd6 39. Qf4 f6 40.
Rxe6+ Qxe6 41. Qe4 1-0

[Event "Ciocaltea Memorial"]
[Site "Bucharest"]
[Date "1999.03.16"]
[Round "13"]
[White "Aronian, Levon"]
[Black "Marin, Mihail"]
[Result "1/2-1/2"]
[WhiteElo "2502"]
[BlackElo "2527"]
[PlyCount "20"]
[EventDate "1999.03.04"]
[EventType "tourn"]
[EventRounds "13"]
[EventCountry "ROU"]
[EventCategory "10"]
[SourceTitle "CBM 070"]
[Source "ChessBase"]
[SourceDate "1999.06.08"]
[SourceVersion "1"]
[SourceVersionDate "1999.06.08"]
[SourceQuality "1"]

1. Nf3 Nf6 2. g3 b6 3. Bg2 Bb7 4. O-O g6 5. b3 Bg7 6. Bb2 O-O 7. c4 c5 8. d4
cxd4 9. Nxd4 Bxg2 10. Kxg2 Qc7 1/2-1/2